| 000 | 01615nam a2200397 a 4500 | ||
|---|---|---|---|
| 001 | 000016756 | ||
| 003 | DO-SdBNP | ||
| 005 | 20170922094240.0 | ||
| 007 | 000016756 | ||
| 008 | 100310s1995 dr 000 0 spa d | ||
| 040 |
_aBPMSU _bspa _cBPMSU |
||
| 082 | 4 |
_a338.642 _bA717a |
|
| 092 | _a | ||
| 100 | 1 | _aAristy Escuder, Jaime | |
| 245 | 1 | 0 |
_aAhorro y producción de las microempresas y pequeñas empresas en la República Dominicana : _bun análisis econométrico / _cJaime Aristy Escuder ; presentación Andrés Dauhajre. |
| 260 |
_aSanto Domingo : _bFONDOMICRO, _c1995. |
||
| 300 |
_a108 P. ; _c28 cm. |
||
| 504 | _aIncluye bibliografía y notas al pie de páginas. | ||
| 504 | _aBibliografía: p. 93-98 | ||
| 505 | 0 |
_gPresentación / _rAndrés Dauhajre -- _tInforme ejecutivo: _tElementos introductorios -- _tFundamentos teóricos -- _tDescripción del caso: análisis de las variables -- _tModelización econométrica -- _gConclusiones -- _gBibliografía -- _gAnexos. |
|
| 650 | 4 | _aPEQUEÑA Y MEDIANA EMPRESA | |
| 650 | 4 |
_aMICROEMPRESAS _xADMINISTRACIÓN |
|
| 650 | 4 | _aAHORRO E INVERSIÓN | |
| 650 | 4 | _aANÁLISIS ECONOMÉTRICO | |
| 651 | 4 |
_aREPÚBLICA DOMINICANA _xCONDICIONES ECONÓMICAS |
|
| 700 | 1 |
_aDauhajre, Andrés, _epresent. |
|
| 710 | 2 | _aFondo para el Financiamiento de la Microempresa (República Dominicana) | |
| 910 | _aValidado. Control de calidad EMS | ||
| 930 | 1 |
_l _m _h _8 _f _p _g |
|
| 942 |
_2ddc _cBK |
||
| 945 | _aInventariado /2017 VM | ||
| 956 |
_a _b _c _l _h |
||
| 956 |
_a _b _c _l _h |
||
| 956 |
_a _b _c _l _h |
||
| 956 |
_aVMATEO _b10 _c20150724 _lBPMSU _h00151 |
||
| 999 |
_c8011 _d8011 |
||